جاگ مرےشہر / (Record no. 42047)

MARC details
000 -LEADER
fixed length control field 01048nam a22002417a 4500
005 - DATE AND TIME OF LATEST TRANSACTION
control field 20100816102618.0
008 - FIXED-LENGTH DATA ELEMENTS--GENERAL INFORMATION
fixed length control field 090601t xxu||||| |||| 00| 0 Ur d
010 ## - LCCN (DPL NO)
LC control number UR-7734
020 ## - INTERNATIONAL STANDARD BOOK NUMBER
Terms of availability 100.00
035 ## - SYSTEM CONTROL NUMBER
System control number U-6289
040 ## - CATALOGING SOURCE
Original cataloging agency dpl
Language of cataloging Urdu
082 ## - DEWEY DECIMAL CLASSIFICATION NUMBER
Classification number ک
100 ## - MAIN ENTRY--PERSONAL NAME
Personal name صدیقی، الیاس
9 (RLIN) 13525
245 ## - TITLE STATEMENT
Title جاگ مرےشہر /
Statement of responsibility, etc الیاس صدیقی
246 ## - VARYING FORM OF TITLE
Title proper/short title Jag Mere Shaher /
Remainder of title by Ilyas Shiddiqui
260 ## - PUBLICATION, DISTRIBUTION, ETC. (IMPRINT)
Place of publication, distribution, etc ناشک
Date of publication, distribution, etc 2008
Name of publisher, distributor, etc صدیقی پرکاشن
270 ## - ADDRESS
Address 299, Gurudwara Road, Chuna Bhatti
City Nashik
Postal code 423203
Telephone number 02554+239111
300 ## - PHYSICAL DESCRIPTION
Extent 220 ص
Other physical details 22 س م (Pbk)
710 ## - ADDED ENTRY--CORPORATE NAME
Corporate name or jurisdiction name as entry element ساحل احمد
9 (RLIN) 13526
942 ## - ADDED ENTRY ELEMENTS (KOHA)
Source of classification or shelving scheme Dewey Decimal Classification
Item type Urdu Bks
Classification part 841.08
Call number suffix س ہ ی
Holdings
Withdrawn status Lost status Source of classification or shelving scheme Damaged status Not for loan Collection code Home library Current library Date acquired Source of acquisition Cost, normal purchase price Total Checkouts Full call number Barcode Date last seen Copy number Cost, replacement price Koha item type
    Dewey Decimal Classification   Not For Loan Non-fiction D.B.Act.Division D.B.Act.Division 16/08/2010 DBAD/PUB 100.00   841.08 س ہ ی U-6289 16/08/2010 1 100.00 Urdu Bks

© Delhi Public Library
Hit Counter
free hit counter